Escenas de la vida bohemia: crónicas inéditas
محفوظ في:
| المؤلف الرئيسي: | |
|---|---|
| التنسيق: | كتاب |
| اللغة: | الإسبانية |
| منشور في: |
Valparaíso
Gobierno Regional de Valparaíso
2002
|
| سلاسل: | Crónica
|
| الموضوعات: | |
| الوسوم: |
إضافة وسم
لا توجد وسوم, كن أول من يضع وسما على هذه التسجيلة!
|
MARC
| LEADER | 00000nam a2200000 a 4500 | ||
|---|---|---|---|
| 001 | UCM7732 | ||
| 003 | CL-VaPUC | ||
| 005 | 20250221124000.0 | ||
| 008 | 030110e20020000CL |||||||||||||||||spa|d | ||
| 999 | |c 302415 |d 302413 | ||
| 040 | |c Pontificia Universidad Católica de Valparaíso | ||
| 082 | 0 | 4 | |a 983.255 ROJ 2002 |2 21 |
| 100 | 0 | |a Rojas Farías, Víctor |e author |9 473362 | |
| 245 | 1 | 0 | |a Escenas de la vida bohemia: crónicas inéditas |
| 260 | |a Valparaíso |b Gobierno Regional de Valparaíso |c 2002 | ||
| 300 | |a 152 p | ||
| 490 | 0 | |a Crónica | |
| 583 | |a last modification |c 20170518 01:31:26 |k Rodrigo Vera | ||
| 650 | 0 | |a Crónicas chilenas |9 321511 | |
| 650 | 0 | |a Historia de Valparaíso |9 460237 | |
| 650 | 0 | |a Costumbres y tradiciones |9 268292 | |
| 651 | 0 | |a Valparaíso, Chile |9 261144 | |
| 942 | |c BK |2 ddc | ||
| 945 | |d 20030110 00:00:00 |a cmena | ||
| 952 | |0 0 |1 0 |4 0 |6 983_255000000000000_ROJ_2002 |7 0 |8 A |9 362931 |a BIBARQ |b BIBARQ |d 2019-11-21 |i 3873323 |o 983.255 ROJ 2002 |p 3873323 |r 2025-01-20 |w 2019-11-21 |y BK |k ARQ | ||
| 952 | |0 0 |1 0 |4 0 |6 983_255000000000000_ROJ_2002 |7 0 |8 A |9 362932 |a BIBEDU |b BIBEDU |d 2019-11-21 |i 387320K |o 983.255 ROJ 2002 |p 387320K |r 2019-11-21 |w 2019-11-21 |y BK |k BME | ||
| 952 | |0 0 |1 0 |2 ddc |4 0 |6 983_255000000000000_ROJ_2002 |7 0 |8 A |9 598514 |a BIBGIM |b BIBGIM |d 2024-12-06 |e Donación |i 5663556 |o 983.255 ROJ 2002 |p 5663556 |r 2025-01-15 |t 3 |w 2024-12-06 |y BK |k ELE | ||